00756nam a2200193Ia 4500001001000000003000500010008004100015010001100056040000900067100002700076245016300103260003400266300001000300502010200310650005100412650002400463650002600487710004900513Para_5966CHAP220125s1967 xx 000 0 und d a204750 cCHAP aPinto Cortés, Benito aFuentes de resistencia en el género Capsicum al ataque del hongo Phytophthora capsici Lec., causante de la marchitez del chile /c por Benito Pinto Cortés aChapingo, Méx. :b el autor a28 h. aTesis (Ing. Agr. Esp. en Parasitología Agrícola) ENA. Departamento Parasitología Agrícola aChile (botánica) x enfermedades por hongos  aMarchitez del chile aPhytophthora capsici  aENA. Departamento Parasitología Agrícola